000 00913nam a2200217 a 4500
001 48387
005 20180714032658.0
008 140415d 000 0 spa d
020 _a0471332844
041 _aspa
082 _a658.5
_bBIE
100 1 _aBIERMA, THOMAS
245 1 0 _aCHEMICAL MANAGEMENT :
_bREDUCING WASTE AND COST TROUGH INNOVATIVE SUPPLY STRATEGIES
250 _a1a ed.
260 _a[s.l.] :
_bJOHN WILEY AND SONS, INC.,
_c[s.f.]
300 _a816
_c16.2 x 2.1 x 24.1
490 _aSURFACTANT SCIENCE SERIES
520 _aCHEMICAL MANAGEMENT ES UNA INDISPENSABLE RECURSO DE MANUFACTURA, VENTAS, MESIO AMBIENTE, SALUD Y SEGURIDAD, Y OTRAS SE ENCARGAN DEL DESARROLLO MAS EFECTIVO DE DESPERDICIOS QUIMICOS QUE MINIMIZAN LAS ESTRATEGIAS DE OTRAS COMPAÑIAS.
650 1 4 _aECOLOGIA INDUSTRIAL
_xPRODUCTOS QUIMICOS
_xADMINISTRACION
700 1 _aWATERSTRAAT, FRANCIS L.
_ecoaut.
999 _c48387
_d48387